[Event "12th Arad Open 2019"]
[Site "Arad"]
[Date "2019.07.30"]
[Round "8.14"]
[White "Stoleriu, George"]
[Black "Michalicka, Milan"]
[Result "1-0"]
[WhiteElo "2360"]
[BlackElo "2190"]
[Annotator "TA"]
[PlyCount "95"]
[EventDate "2019.07.24"]
[EventType "swiss"]
[EventCountry "ROU"]
[SourceTitle "playchess.com"]
[Source "ChessBase"]
[SourceQuality "1"]

{[%evp 9,95,22,38,19,38,37,53,45,45,41,62,61,63,37,100,67,95,91,87,88,89,98,100,105,100,88,122,91,101,103,87,82,147,151,167,163,184,193,192,168,177,187,256,260,267,245,261,264,256,240,313,308,293,297,312,293,313,306,296,294,301,313,304,300,360,354,362,360,355,328,347,335,443,429,408,403,450,447,426,439,534,537,534,527,527,517,500,500]} 1. e4 c5 2. Nc3 e6 3. Nf3 Nc6 4. d4 cxd4 5. Nxd4 Qc7 6. Qd3 {B47: Sicilian: Taimanov: 5 Nc3 Qc7 6 f4, 6 g3 and 6 Be2} (6. Be3 a6 7. Bd3 Nf6 8. O-O Nxd4 9. Bxd4 Bc5 10. Bxc5 Qxc5 11. Na4 Qc7 12. c4 d6 13. Nc3 O-O 14. Be2 Rd8 15. Qd4 e5 16. Qe3 Be6 17. b3 Qc5 18. Qd3 Rac8 19. Rac1 {½-½ (35) Jakovenko,D (2719)-Harikrishna,P (2723) Shenzhen 2019}) 6... a6 7. Nxc6 bxc6 8. Qg3 {White is slightly better.} Qxg3 9. hxg3 d6 10. g4 e5 $146 ({Predecessor:} 10... Ne7 11. Be3 c5 12. O-O-O Nc6 13. f3 Bb7 {½-½ (59) Meleshko,V (2268)-Jansa,V (2451) Pardubice 2018}) 11. g5 Ne7 ({Black should play} 11... f5 $14) 12. b3 Bb7 13. Ba3 Ng6 14. O-O-O O-O-O 15. g3 Be7 16. Kb1 Kc7 17. Bb4 Kb8 18. Bc4 d5 19. Bxe7 Nxe7 20. Bd3 d4 (20... h5 $142) 21. Na4 $16 a5 22. Rh5 g6 23. Rh2 h5 24. gxh6 Rh7 25. f4 f6 (25... exf4 $142 26. gxf4 f5 27. exf5 gxf5) 26. fxe5 $18 fxe5 27. Rf1 Rdh8 28. Nc5 Bc8 29. Bc4 Rxh6 30. Rxh6 Rxh6 {[#]} 31. Rf7 $1 {[%cal Rf7e7]} Ng8 32. Nd3 Rh1+ 33. Kb2 Nh6 34. Rf8 Kc7 35. Nxe5 Ng4 {[#]} 36. Nxc6 $1 {[%mdl 512]} Ne3 (36... Kxc6 37. Rxc8+) 37. Bd3 ({Less strong is} 37. Nxa5 Rh2 $18) 37... Kxc6 38. Rxc8+ {[%mdl 4096] Endgame KRB-KRN} Kb6 39. Rb8+ Kc6 40. Ra8 Rg1 41. Ra6+ Kc7 42. Rxa5 Rxg3 43. Ra4 {White is clearly winning.} g5 44. Rxd4 g4 45. e5 Nd1+ 46. Ka3 Nf2 47. Bf5 Re3 48. Bxg4 {Accuracy: White = 72%, Black = 46%.} 1-0

[Event "12th Arad Open 2019"]
[Site "Arad"]
[Date "2019.07.30"]
[Round "8.15"]
[White "Daianu, Cristian-Clement"]
[Black "Ileana, George"]
[Result "0-1"]
[WhiteElo "2199"]
[BlackElo "2344"]
[Annotator "TA"]
[PlyCount "84"]
[EventDate "2019.07.24"]
[EventType "swiss"]
[EventCountry "ROU"]
[SourceTitle "playchess.com"]
[Source "ChessBase"]
[SourceQuality "1"]

{[%evp 12,84,43,2,56,38,40,16,56,49,52,22,8,0,78,26,15,11,13,16,10,28,38,0,31,32,91,78,98,96,119,103,100,79,120,0,0,0,0,0,0,0,8,0,0,0,0,0,0,0,0,0,0,-18,-18,-18,-18,-18,-10,-18,-18,-22,-13,-17,-17,-19,-17,-26,-26,-28,-53,-53,-53,-157,-161]} 1. e4 c5 2. Nf3 d6 3. d4 cxd4 4. Nxd4 Nf6 5. Nc3 a6 6. h3 e5 7. Nb3 h5 {B90: Sicilian Najdorf: Unusual White 6th moves, 6 Be3 Ng4 and 6 Be3 e5} (7... Be7 $11) (7... Be6 8. f4 exf4 9. Bxf4 Nc6 10. Qe2 Be7 11. O-O-O Qc7 12. g4 O-O 13. g5 Nd7 14. Qe3 Rac8 15. Kb1 {1-0 (60) Van Foreest,J (2612)-Nepomniachtchi,I (2763) Wijk aan Zee 2019}) 8. Be3 Be6 9. Qd2 Be7 {The position is equal.} 10. f4 Nbd7 $146 ({Predecessor:} 10... Qc7 11. O-O-O Nbd7 12. Rg1 g6 13. Nd5 Bxd5 14. exd5 Rc8 15. c3 h4 16. fxe5 Nxe5 {1-0 (43) Zhu,J (2313)-Zhou,Z (1993) China 2018}) 11. f5 Bxb3 $1 12. axb3 Nc5 (12... d5 $1 $11 13. exd5 Bb4) 13. Bxc5 (13. Bc4 $16) 13... dxc5 $11 14. Bc4 $36 {[%mdl 2048] White is pushing.} Qxd2+ 15. Kxd2 Rd8+ 16. Ke3 Rd4 17. Bd5 Rb4 18. Rhd1 O-O ({Black should play} 18... Rg8 $14) 19. Kf3 Rd8 20. g4 Nh7 21. gxh5 Rb6 22. Rd3 Kf8 23. Ke2 (23. Nd1 $16) 23... Nf6 24. h6 gxh6 25. Kf3 Nh5 26. Ne2 Rbd6 27. Rad1 b5 28. Bb7 Rxd3+ 29. Rxd3 Rxd3+ 30. cxd3 {[%mdl 4096] Endgame KBN-KBN} a5 31. Ba6 b4 32. Bc4 Bg5 33. Kg4 Nf6+ 34. Kf3 Bd2 35. Kg3 Kg7 36. Kf3 Ne8 37. Bd5 Kf6 38. h4 Nd6 39. Kf2 Nb5 40. Bc4 Na3 41. Bd5 ({Avoid the trap} 41. bxa3 $2 bxa3 42. b4 cxb4 $19) 41... Nc2 42. Bc4 {[#]} ({White should try} 42. Ng3 $1 $15) 42... Be1+ $1 {Accuracy: White = 49%, Black = 52%.} 0-1

[Event "12th Arad Open 2019"]
[Site "Arad"]
[Date "2019.07.30"]
[Round "8.16"]
[White "Nedelcu, Teodor-Cosmin"]
[Black "Bonte, Andrei-Mihai"]
[Result "0-1"]
[WhiteElo "1963"]
[BlackElo "2337"]
[Annotator "NA"]
[PlyCount "108"]
[EventDate "2019.07.24"]
[EventType "swiss"]
[EventCountry "ROU"]
[SourceTitle "playchess.com"]
[Source "ChessBase"]
[SourceQuality "1"]
[TimeControl "40/5400+30:900+30"]

1. d4 {[%emt 0:00:00]} Nf6 {[%emt 0:00:23]} 2. c4 {[%emt 0:00:00]} e6 {[%emt 0:00:15]} 3. Nc3 {[%emt 0:00:00]} Bb4 {[%emt 0:00:08]} 4. e3 {[%emt 0:00:00]} b6 {[%emt 0:00:25]} 5. Nge2 {[%emt 0:00:07]} Ba6 {[%emt 0:16:37]} 6. a3 {[%emt 0:00:15]} Bxc3+ {[%emt 0:00:06]} 7. Nxc3 {[%emt 0:00:03]} d5 {[%emt 0:00:07]} 8. Qa4+ {[%emt 0:01:01]} Qd7 {[%emt 0:00:44]} 9. Qxd7+ {[%emt 0:00:30]} Kxd7 {[%emt 0:00:33]} 10. cxd5 {[%emt 0:00:11]} exd5 {[%emt 0:00:15]} 11. Bxa6 {[%emt 0:00:36]} Nxa6 {[%emt 0:00:03]} 12. b4 {[%emt 0:00:41]} c6 {[%emt 0:01:17]} 13. Bb2 {[%emt 0:01:24]} Nc7 {[%emt 0:00:41]} 14. O-O-O {[%emt 0:00:37]} Rhe8 {[%emt 0:18:07]} 15. Rhe1 {[%emt 0:02:00]} Ne4 {[%emt 0:00:54]} 16. f3 {[%emt 0:01:17]} Nxc3 {[%emt 0:00:17]} 17. Bxc3 {[%emt 0:00:01]} Nb5 {[%emt 0:00:14]} 18. Bb2 {[%emt 0:00:24]} Nd6 {[%emt 0:03:51]} 19. Rd2 {[%emt 0:00:27]} f5 {[%emt 0:00:58]} 20. Rde2 {[%emt 0:02:31]} Re6 {[%emt 0:02:53]} 21. Kd2 {[%emt 0:00:09]} Rae8 {[%emt 0:00:20]} 22. Kd3 {[%emt 0:01:19]} g5 {[%emt 0:01:36]} 23. Bc1 {[%emt 0:00:38]} Rg8 {[%emt 0:03:33]} 24. h3 {[%emt 0:01:14]} h5 {[%emt 0:00:59]} 25. a4 {[%emt 0:00:54]} g4 {[%emt 0:01:24]} 26. hxg4 {[%emt 0:00:12]} hxg4 {[%emt 0:00:07]} 27. Bd2 {[%emt 0:01:05]} gxf3 {[%emt 0:00:39]} 28. gxf3 {[%emt 0:00:01]} Rg3 {[%emt 0:00:10]} 29. Rf2 {[%emt 0:00:46]} Rh6 {[%emt 0:04:59]} 30. a5 {[%emt 0:00:44]} Kc7 {[%emt 0:01:14]} 31. Rc1 {[%emt 0:02:51]} Kb7 {[%emt 0:00:25]} 32. Ke2 {[%emt 0:00:39]} Rhh3 {[%emt 0:00:59]} 33. axb6 {[%emt 0:02:28]} axb6 {[%emt 0:00:03]} 34. Rcf1 {[%emt 0:02:20]} Rg8 {[%emt 0:02:29]} 35. Ra1 {[%emt 0:00:31]} Rhh8 {[%emt 0:03:07]} 36. Bc3 {[%emt 0:01:57]} Ra8 {[%emt 0:00:49]} 37. Rg2 {[%emt 0:01:33]} Rxa1 {[%emt 0:00:58]} 38. Bxa1 {[%emt 0:00:32]} Nc4 {[%emt 0:06:17]} 39. Kd3 {[%emt 0:03:34]} Rh3 {[%emt 0:01:56]} 40. Ke2 {[%emt 0:00:00]} Ka6 {[%emt 0:00:00]} 41. Bc3 {[%emt 0:01:38]} Kb5 {[%emt 0:08:49]} 42. Rg5 {[%emt 0:03:04]} Rh2+ {[%emt 0:00:26]} 43. Kd3 {[%emt 0:00:27]} Ka4 {[%emt 0:02:46]} 44. b5 {[%emt 0:05:09]} cxb5 {[%emt 0:07:56]} 45. Rg1 {[%emt 0:00:33]} b4 {[%emt 0:00:59]} 46. Ra1+ {[%emt 0:00:02]} Na3 {[%emt 0:00:25]} 47. Bd2 {[%emt 0:00:28]} b3 {[%emt 0:02:05]} 48. Kc3 {[%emt 0:00:26]} b2 {[%emt 0:02:49]} 49. Kxb2 {[%emt 0:00:04]} Rxd2+ {[%emt 0:00:08]} 50. Kc3 {[%emt 0:00:04]} Rf2 {[%emt 0:00:10]} 51. f4 {[%emt 0:00:37]} b5 {[%emt 0:00:10]} 52. Rh1 {[%emt 0:00:14]} b4+ {[%emt 0:00:15]} 53. Kd3 {[%emt 0:00:03]} Nc4 {[%emt 0:00:17]} 54. Ra1+ {[%emt 0:00:29]} Kb5 {[%emt 0:00:09]} 0-1

[Event "12th Arad Open 2019"]
[Site "Arad"]
[Date "2019.07.30"]
[Round "8.17"]
[White "Ardeleanu, Alin"]
[Black "Mitran, Anthony Cristian"]
[Result "1/2-1/2"]
[WhiteElo "2323"]
[BlackElo "2089"]
[Annotator "NA"]
[PlyCount "24"]
[EventDate "2019.07.24"]
[EventType "swiss"]
[EventCountry "ROU"]
[SourceTitle "playchess.com"]
[Source "ChessBase"]
[SourceQuality "1"]
[TimeControl "40/5400+30:900+30"]

1. e4 {[%emt 0:00:00]} e5 {[%emt 0:03:43]} 2. Nf3 {[%emt 0:00:13]} Nc6 {[%emt 0:00:05]} 3. Bb5 {[%emt 0:03:10]} Nf6 {[%emt 0:00:30]} 4. d3 {[%emt 0:08:17]} Bc5 {[%emt 0:16:12]} 5. O-O {[%emt 0:02:25]} d6 {[%emt 0:01:03]} 6. c3 {[%emt 0:05:38]} O-O {[%emt 0:03:44]} 7. h3 {[%emt 0:03:39]} h6 {[%emt 0:04:18]} 8. d4 {[%emt 0:01:23]} exd4 {[%emt 0:00:50]} 9. cxd4 {[%emt 0:00:07]} Bb6 {[%emt 0:00:14]} 10. Nc3 {[%emt 0:00:15]} d5 {[%emt 0:02:24]} 11. exd5 {[%emt 0:10:59]} Nxd5 {[%emt 0:00:27]} 12. Na4 {[%emt 0:01:23]} Qf6 {[%emt 0:02:10]} 1/2-1/2

[Event "12th Arad Open 2019"]
[Site "Arad"]
[Date "2019.07.30"]
[Round "8.18"]
[White "Har-Even, Abir"]
[Black "Florescu, Codrut-Constantin"]
[Result "0-1"]
[WhiteElo "2083"]
[BlackElo "2312"]
[Annotator "NA"]
[PlyCount "70"]
[EventDate "2019.07.24"]
[EventType "swiss"]
[EventCountry "ROU"]
[SourceTitle "playchess.com"]
[Source "ChessBase"]
[SourceQuality "1"]
[TimeControl "40/5400+30:900+30"]

1. e4 {[%emt 0:00:00]} c5 {[%emt 0:00:00]} 2. Nc3 {[%emt 0:00:00]} e6 {[%emt 0:00:00]} 3. f4 {[%emt 0:00:03]} d5 {[%emt 0:00:00]} 4. Nf3 {[%emt 0:00:39]} dxe4 {[%emt 0:02:08]} 5. Nxe4 {[%emt 0:00:17]} Nf6 {[%emt 0:00:16]} 6. Nxf6+ {[%emt 0:00:23]} gxf6 {[%emt 0:00:06]} 7. d3 {[%emt 0:04:09]} Nc6 {[%emt 0:04:00]} 8. g3 {[%emt 0:02:38]} e5 {[%emt 0:09:20]} 9. Bg2 {[%emt 0:04:11]} Bg4 {[%emt 0:00:21]} 10. h3 {[%emt 0:07:10]} Be6 {[%emt 0:07:01]} 11. fxe5 {[%emt 0:05:23]} Qc7 {[%emt 0:00:19]} 12. Qe2 {[%emt 0:10:01]} Nxe5 {[%emt 0:00:13]} 13. Nxe5 {[%emt 0:09:28]} fxe5 {[%emt 0:00:10]} 14. Bg5 {[%emt 0:00:42]} Rg8 {[%emt 0:07:03]} 15. Bf6 {[%emt 0:01:41]} Rxg3 {[%emt 0:22:03]} 16. Bxe5 {[%emt 0:00:41]} Bd6 {[%emt 0:00:05]} 17. Bxg3 {[%emt 0:00:53]} Bxg3+ {[%emt 0:00:07]} 18. Kd1 {[%emt 0:00:50]} O-O-O {[%emt 0:00:38]} 19. c3 {[%emt 0:03:58]} h5 {[%emt 0:03:57]} 20. Kc2 {[%emt 0:05:15]} h4 {[%emt 0:00:04]} 21. Bf3 {[%emt 0:03:33]} Qd7 {[%emt 0:03:24]} 22. b3 {[%emt 0:18:26]} Kb8 {[%emt 0:04:03]} 23. Bg4 {[%emt 0:03:42]} f5 {[%emt 0:03:10]} 24. Bh5 {[%emt 0:00:50]} f4 {[%emt 0:01:16]} 25. Bg4 {[%emt 0:00:58]} Bxg4 {[%emt 0:00:06]} 26. hxg4 {[%emt 0:00:38]} Re8 {[%emt 0:00:06]} 27. Qg2 {[%emt 0:05:08]} Re3 {[%emt 0:02:30]} 28. Rad1 {[%emt 0:00:26]} f3 {[%emt 0:03:52]} 29. Qh3 {[%emt 0:01:17]} Qe7 {[%emt 0:01:22]} 30. Kb1 {[%emt 0:09:46]} a6 {[%emt 0:02:54]} 31. Rhf1 {[%emt 0:01:18]} Qe5 {[%emt 0:00:18]} 32. d4 {[%emt 0:00:50]} Qe4+ {[%emt 0:00:16]} 33. Kb2 {[%emt 0:00:05]} Re2+ {[%emt 0:00:18]} 34. Ka3 {[%emt 0:00:13]} Qc2 {[%emt 0:02:05]} 35. dxc5 {[%emt 0:00:08]} Qxc3 {[%emt 0:00:13]} 0-1

[Event "12th Arad Open 2019"]
[Site "Arad"]
[Date "2019.07.30"]
[Round "8.19"]
[White "Petrisor, Adrian-Marian"]
[Black "Albu, George"]
[Result "1-0"]
[WhiteElo "2422"]
[BlackElo "2014"]
[Annotator "NA"]
[PlyCount "73"]
[EventDate "2019.07.24"]
[EventType "swiss"]
[EventCountry "ROU"]
[SourceTitle "playchess.com"]
[Source "ChessBase"]
[SourceQuality "1"]
[TimeControl "40/5400+30:900+30"]

1. d4 {[%emt 0:00:00]} Nf6 {[%emt 0:00:10]} 2. c4 {[%emt 0:00:00]} g6 {[%emt 0:00:08]} 3. Nc3 {[%emt 0:00:00]} Bg7 {[%emt 0:00:09]} 4. e4 {[%emt 0:00:00]} d6 {[%emt 0:00:06]} 5. f3 {[%emt 0:00:00]} O-O {[%emt 0:00:07]} 6. Be3 {[%emt 0:00:02]} e5 {[%emt 0:04:57]} 7. Nge2 {[%emt 0:00:22]} exd4 {[%emt 0:00:41]} 8. Nxd4 {[%emt 0:00:06]} c6 {[%emt 0:00:06]} 9. Qd2 {[%emt 0:00:20]} Re8 {[%emt 0:00:11]} 10. O-O-O {[%emt 0:01:36]} Qe7 {[%emt 0:16:20]} 11. Bg5 {[%emt 0:05:32]} Nbd7 {[%emt 0:05:29]} 12. Nc2 {[%emt 0:03:54]} Bf8 {[%emt 0:01:12]} 13. h4 {[%emt 0:02:50]} a5 {[%emt 0:08:57]} 14. h5 {[%emt 0:01:23]} a4 {[%emt 0:03:43]} 15. hxg6 {[%emt 0:00:16]} fxg6 {[%emt 0:00:07]} 16. Bh6 {[%emt 0:07:00]} Rd8 {[%emt 0:01:57]} 17. Kb1 {[%emt 0:07:01]} Bxh6 {[%emt 0:01:59]} 18. Qxh6 {[%emt 0:01:45]} Ne5 {[%emt 0:00:09]} 19. Be2 {[%emt 0:06:48]} Be6 {[%emt 0:00:23]} 20. f4 {[%emt 0:09:39]} Neg4 {[%emt 0:38:33]} 21. Qh4 {[%emt 0:01:18]} Ra5 {[%emt 0:00:06]} 22. e5 {[%emt 0:04:05]} dxe5 {[%emt 0:01:06]} 23. Rxd8+ {[%emt 0:00:05]} Qxd8 {[%emt 0:00:06]} 24. Bxg4 {[%emt 0:00:13]} Bxg4 {[%emt 0:02:12]} 25. Ne4 {[%emt 0:00:05]} Kg7 {[%emt 0:01:34]} 26. fxe5 {[%emt 0:01:40]} Rxe5 {[%emt 0:00:17]} 27. Nxf6 {[%emt 0:00:04]} Qxf6 {[%emt 0:01:21]} 28. Qxg4 {[%emt 0:00:06]} h5 {[%emt 0:00:10]} 29. Qd7+ {[%emt 0:00:52]} Re7 {[%emt 0:00:07]} 30. Qd3 {[%emt 0:00:36]} Qf2 {[%emt 0:01:02]} 31. g3 {[%emt 0:01:25]} Re2 {[%emt 0:00:18]} 32. Rd1 {[%emt 0:01:19]} a3 {[%emt 0:00:25]} 33. Qc3+ {[%emt 0:00:15]} Kh6 {[%emt 0:00:18]} 34. bxa3 {[%emt 0:01:50]} Kg5 {[%emt 0:01:40]} 35. Qd3 {[%emt 0:03:24]} Qg2 {[%emt 0:01:02]} 36. Qd8+ {[%emt 0:01:22]} Kh6 {[%emt 0:00:47]} 37. Qf8+ {[%emt 0:00:06]} 1-0

[Event "12th Arad Open 2019"]
[Site "Arad"]
[Date "2019.07.30"]
[Round "8.20"]
[White "Markovic, Franjo-Josip"]
[Black "Martinovici, Ilie"]
[Result "0-1"]
[WhiteElo "2160"]
[BlackElo "2407"]
[Annotator "NA"]
[PlyCount "134"]
[EventDate "2019.07.24"]
[EventType "swiss"]
[EventCountry "ROU"]
[SourceTitle "playchess.com"]
[Source "ChessBase"]
[SourceQuality "1"]
[TimeControl "40/5400+30:900+30"]

1. d4 {[%emt 0:01:08]} Nf6 {[%emt 0:00:00]} 2. c4 {[%emt 0:00:14]} e6 {[%emt 0:00:00]} 3. Nf3 {[%emt 0:00:25]} b6 {[%emt 0:00:00]} 4. g3 {[%emt 0:00:49]} Bb7 {[%emt 0:00:00]} 5. Bg2 {[%emt 0:00:15]} Be7 {[%emt 0:00:00]} 6. O-O {[%emt 0:00:18]} O-O {[%emt 0:00:05]} 7. d5 {[%emt 0:01:10]} exd5 {[%emt 0:00:05]} 8. Nh4 {[%emt 0:01:11]} c6 {[%emt 0:00:05]} 9. cxd5 {[%emt 0:01:27]} Nxd5 {[%emt 0:00:07]} 10. Nf5 {[%emt 0:01:16]} Nc7 {[%emt 0:01:30]} 11. e4 {[%emt 0:05:33]} d5 {[%emt 0:00:21]} 12. Nc3 {[%emt 0:12:37]} Bf6 {[%emt 0:00:15]} 13. exd5 {[%emt 0:04:35]} Nxd5 {[%emt 0:11:31]} 14. Nxd5 {[%emt 0:01:14]} cxd5 {[%emt 0:00:09]} 15. Ne3 {[%emt 0:01:35]} Nc6 {[%emt 0:23:21]} 16. Nxd5 {[%emt 0:02:04]} Be5 {[%emt 0:00:59]} 17. Re1 {[%emt 0:28:53]} Re8 {[%emt 0:07:20]} 18. Bf4 {[%emt 0:17:44]} Bxb2 {[%emt 0:06:36]} 19. Rxe8+ {[%emt 0:01:55]} Qxe8 {[%emt 0:00:05]} 20. Nc7 {[%emt 0:00:41]} Qd8 {[%emt 0:00:43]} 21. Nxa8 {[%emt 0:03:09]} Bxa1 {[%emt 0:00:08]} 22. Qxd8+ {[%emt 0:00:11]} Nxd8 {[%emt 0:00:05]} 23. Bxb7 {[%emt 0:00:10]} Nxb7 {[%emt 0:00:03]} 24. Bb8 {[%emt 0:00:11]} a6 {[%emt 0:02:19]} 25. Ba7 {[%emt 0:03:59]} Kf8 {[%emt 0:04:54]} 26. Bxb6 {[%emt 0:02:53]} Ke7 {[%emt 0:00:17]} 27. Nc7 {[%emt 0:01:00]} a5 {[%emt 0:00:02]} 28. Nb5 {[%emt 0:01:56]} Ke6 {[%emt 0:00:27]} 29. Nd4+ {[%emt 0:00:52]} Kd5 {[%emt 0:00:13]} 30. Nb3 {[%emt 0:01:02]} Bc3 {[%emt 0:00:06]} 31. Kf1 {[%emt 0:00:39]} a4 {[%emt 0:01:37]} 32. Nc1 {[%emt 0:00:08]} Bd4 {[%emt 0:01:52]} 33. Bc7 {[%emt 0:01:08]} g5 {[%emt 0:03:02]} 34. Ke2 {[%emt 0:01:14]} f6 {[%emt 0:01:36]} 35. Nd3 {[%emt 0:00:52]} Kc6 {[%emt 0:00:38]} 36. Bb8 {[%emt 0:00:31]} Kd7 {[%emt 0:00:02]} 37. g4 {[%emt 0:00:40]} Ke6 {[%emt 0:00:21]} 38. Kd2 {[%emt 0:02:24]} Kd5 {[%emt 0:00:39]} 39. f3 {[%emt 0:00:27]} Na5 {[%emt 0:00:14]} 40. Kc2 {[%emt 0:00:00]} Nc6 {[%emt 0:00:00]} 41. Bg3 {[%emt 0:03:45]} Kc4 {[%emt 0:05:07]} 42. f4 {[%emt 0:05:50]} a3 {[%emt 0:01:08]} 43. fxg5 {[%emt 0:00:23]} fxg5 {[%emt 0:00:00]} 44. Bd6 {[%emt 0:01:26]} Bc3 {[%emt 0:00:04]} 45. Bc5 {[%emt 0:05:09]} Ba5 {[%emt 0:02:50]} 46. h3 {[%emt 0:02:19]} h6 {[%emt 0:02:54]} 47. Bf2 {[%emt 0:00:35]} Nd4+ {[%emt 0:00:06]} 48. Bxd4 {[%emt 0:00:05]} Kxd4 {[%emt 0:00:01]} 49. Nf2 {[%emt 0:00:54]} Ke3 {[%emt 0:00:10]} 50. Nd3 {[%emt 0:00:30]} Bc7 {[%emt 0:00:23]} 51. Nb4 {[%emt 0:00:32]} Kf3 {[%emt 0:00:38]} 52. Kd3 {[%emt 0:00:21]} Kg3 {[%emt 0:01:10]} 53. Ke4 {[%emt 0:00:21]} Kxh3 {[%emt 0:00:22]} 54. Kf5 {[%emt 0:00:47]} Kh4 {[%emt 0:00:53]} 55. Nc2 {[%emt 0:00:26]} Bd6 {[%emt 0:00:16]} 56. Ne3 {[%emt 0:00:29]} Bc5 {[%emt 0:00:18]} 57. Nd5 {[%emt 0:00:24]} Kg3 {[%emt 0:02:20]} 58. Nf6 {[%emt 0:00:31]} Kf3 {[%emt 0:00:13]} 59. Ne4 {[%emt 0:00:41]} Bb4 {[%emt 0:01:18]} 60. Nf6 {[%emt 0:00:27]} Bc3 {[%emt 0:00:54]} 61. Nd5 {[%emt 0:00:10]} Bb2 {[%emt 0:01:28]} 62. Nb6 {[%emt 0:00:37]} h5 {[%emt 0:01:31]} 63. gxh5 {[%emt 0:00:24]} g4 {[%emt 0:00:03]} 64. Nc4 {[%emt 0:00:51]} g3 {[%emt 0:00:13]} 65. Nd2+ {[%emt 0:00:27]} Ke2 {[%emt 0:00:10]} 66. Ne4 {[%emt 0:00:33]} g2 {[%emt 0:00:06]} 67. Ng3+ {[%emt 0:00:16]} Kf3 {[%emt 0:00:09]} 0-1

[Event "12th Arad Open 2019"]
[Site "Arad"]
[Date "2019.07.30"]
[Round "8.21"]
[White "Ahlander, Bjorn"]
[Black "Isfan, Ioan-Marius"]
[Result "1-0"]
[WhiteElo "2391"]
[BlackElo "2164"]
[Annotator "NA"]
[PlyCount "33"]
[EventDate "2019.07.24"]
[EventType "swiss"]
[EventCountry "ROU"]
[SourceTitle "playchess.com"]
[Source "ChessBase"]
[SourceQuality "1"]
[TimeControl "40/5400+30:900+30"]

1. d4 {[%emt 0:00:00]} Nf6 {[%emt 0:00:00]} 2. c4 {[%emt 0:00:00]} e6 {[%emt 0:00:00]} 3. Nc3 {[%emt 0:00:00]} Bb4 {[%emt 0:00:00]} 4. Qc2 {[%emt 0:00:00]} b6 {[%emt 0:00:02]} 5. e4 {[%emt 0:01:08]} O-O {[%emt 0:01:09]} 6. e5 {[%emt 0:01:43]} Ne8 {[%emt 0:00:26]} 7. Bd3 {[%emt 0:12:42]} d5 {[%emt 0:13:01]} 8. Bxh7+ {[%emt 0:12:23]} Kh8 {[%emt 0:00:01]} 9. Nf3 {[%emt 0:01:01]} c5 {[%emt 0:16:10]} 10. a3 {[%emt 0:08:53]} Bxc3+ {[%emt 0:09:21]} 11. bxc3 {[%emt 0:01:29]} g6 {[%emt 0:00:08]} 12. Qd2 {[%emt 0:02:30]} Ng7 {[%emt 0:02:00]} 13. Bxg6 {[%emt 0:00:39]} fxg6 {[%emt 0:00:12]} 14. Qh6+ {[%emt 0:00:15]} Kg8 {[%emt 0:00:02]} 15. Ng5 {[%emt 0:00:16]} Rf7 {[%emt 0:00:34]} 16. Qh7+ {[%emt 0:01:11]} Kf8 {[%emt 0:00:04]} 17. Qh8+ {[%emt 0:01:10]} 1-0

[Event "12th Arad Open 2019"]
[Site "Arad"]
[Date "2019.07.30"]
[Round "8.22"]
[White "Marjanovic, Annamaria"]
[Black "Dobrin, Ionut-Alexandru"]
[Result "1-0"]
[WhiteElo "2343"]
[BlackElo "2142"]
[Annotator "NA RC"]
[PlyCount "76"]
[EventDate "2019.07.24"]
[EventType "swiss"]
[EventCountry "ROU"]
[SourceTitle "playchess.com"]
[Source "ChessBase"]
[SourceQuality "1"]
[TimeControl "40/5400+30:900+30"]

1. c4 {[%emt 0:00:00]} e6 {[%emt 0:00:00]} 2. g3 {[%emt 0:00:00]} Nf6 {[%emt 0:00:23]} 3. Bg2 {[%emt 0:00:00]} d5 {[%emt 0:00:36]} 4. Nf3 {[%emt 0:00:00]} Be7 {[%emt 0:00:17]} 5. O-O {[%emt 0:00:03]} O-O {[%emt 0:00:45]} 6. b3 {[%emt 0:00:09]} b6 {[%emt 0:00:08]} 7. Bb2 {[%emt 0:00:30]} Bb7 {[%emt 0:00:11]} 8. cxd5 {[%emt 0:01:12]} exd5 {[%emt 0:03:26]} 9. d4 {[%emt 0:00:34]} c5 {[%emt 0:00:52]} 10. Nc3 {[%emt 0:05:32]} Na6 {[%emt 0:02:55]} 11. Rc1 {[%emt 0:03:14]} Nc7 {[%emt 0:02:13]} 12. dxc5 {[%emt 0:04:15]} Bxc5 {[%emt 0:05:35]} 13. Na4 {[%emt 0:04:04]} Be7 {[%emt 0:02:54]} 14. Nd4 {[%emt 0:00:36]} Ne6 {[%emt 0:01:47]} 15. Nf5 {[%emt 0:09:16]} Ne4 {[%emt 0:04:18]} 16. Nxe7+ {[%emt 0:14:12]} Qxe7 {[%emt 0:00:08]} 17. Nc3 {[%emt 0:00:52]} Rfd8 {[%emt 0:08:40]} 18. Nb5 {[%emt 0:02:52]} Ba6 {[%emt 0:07:18]} 19. Nd4 {[%emt 0:03:42]} Nxd4 {[%emt 0:07:22]} 20. Qxd4 {[%emt 0:00:58]} Nf6 {[%emt 0:04:01]} 21. Rfe1 {[%emt 0:00:57]} Bb7 {[%emt 0:04:21]} 22. e3 {[%emt 0:01:35]} Ne8 {[%emt 0:02:51]} 23. Re2 {[%emt 0:05:24]} f6 {[%emt 0:01:46]} 24. Rec2 {[%emt 0:01:30]} Rd7 {[%emt 0:01:53]} 25. Qg4 {[%emt 0:03:21]} Kh8 {[%emt 0:02:31]} 26. Bh3 {[%emt 0:02:31]} Rdd8 {[%emt 0:02:45]} 27. Qh4 {[%emt 0:02:29]} Qe4 {[%emt 0:01:26]} 28. Qxe4 {[%emt 0:11:18]} dxe4 {[%emt 0:00:01]} 29. Bd4 {[%emt 0:00:38]} Kg8 {[%emt 0:02:04]} 30. Be6+ {[%emt 0:00:49]} Kf8 {[%emt 0:01:10]} 31. Bb2 {[%emt 0:01:48]} Ke7 {[%emt 0:00:28]} 32. Bf5 {[%emt 0:03:07]} Bd5 {[%emt 0:06:49]} 33. Bxh7 {[%emt 0:01:27]} Nd6 {[%emt 0:01:45]} 34. Rc7+ {[%emt 0:02:37]} Rd7 {[%emt 0:00:15]} 35. Ba3 {[%emt 0:00:26]} Rh8 {[%emt 0:00:41]} 36. Bf5 {[%emt 0:00:32]} Be6 {[%emt 0:01:19]} 37. Bxd6+ {[%emt 0:00:18]} Kxd6 {[%emt 0:00:13]} 38. R7c6+ {[%emt 0:00:42]} Kd5 1-0